000 00502nam a2200169 i 4500
001 100137
003 ES-MaACL
005 20250915063046.0
007 t|
008 050922s1960 sp ||||1| spa d
100 1 _aMartínez Val, José María,
_d1916-
_978455
245 1 0 _aEn torno al "Quijote"
_b: (Dos ensayos jurídicos).
260 _aCiudad Real :
_bInstituto de Estudios Manchegos,
_c1960.
300 _a39 p. ;
_c23 cm.
852 _aES-MaACL
_j2027-F-16
_bR.46407
999 _c100137
_d100137